| 000 | 01547nam a22002297a 4500 | ||
|---|---|---|---|
| 999 |
_c61528 _d61528 |
||
| 003 | Ge_BSU | ||
| 005 | 20240321163653.0 | ||
| 008 | 240321s2023ge xxu||||| |||| 00| 0 geo d | ||
| 020 | _a9789941985102 | ||
| 041 | _ageo | ||
| 080 | _a34(479.22)(09) ქ-27 | ||
| 245 |
_aქართული სამართლის ძეგლები = Monuments of Georgian Law: _b საკანონმდებლო ძეგლები: რვატორმულის დანართი / _cტექსტი გამოსაცემად მოამზადა და შენიშვნები დაურთო ი. დოლიძემ; რედაქტორ - გამომცემელნი: ექვ. კოჭლამაზაშვილი, ნ. სურგულაძე; |
||
| 264 |
_aთბილისი: _b [გ.გ.], _c2023. |
||
| 300 |
_a370 გვ:. _b21 სმ. |
||
| 653 | _aსამართალი. | ||
| 653 | _aქართული სამართალი | ||
| 700 |
_aკოჭლამაზაშვილი, ექვ. _eრედაქტორ-გამომცემელი _921529 |
||
| 700 |
_aსურგულაძე, ნ _eრედაქტორ-გამომცემელი _97643 |
||
| 710 |
_a კორნელი კეკელიძის სახელობის საქართველოს ხელნაწერთა ეროვნული ცენტრი _921530 |
||
| 773 | _tნაჩუქარი | ||
| 942 |
_2udc _cBK |
||